Kirjaimella N alkavien valtioiden liput - Statistics

Yleistilastot
  • Tätä visaa on pelattu 42 kertaa
  • Keskiarvotulos 7 / 8
Vastaustilastot
Kuvavisa Vastaus % Oikein
Nepal
97%
Norja
97%
Nauru
94%
Nigeria
94%
Niger
85%
Norsunluurannikko
85%
Namibia
76%
Nicaragua
74%
Ehtoja vastaavia visoja ei löytynyt
Tulosjakauma
Jokaisen tuloksen saaneiden osuus
Persentiili vastausten määrän mukaan
Tuloshistoriasi
Et ole pelannut tätä visaa